Jacques Villeglé
Saved in:
| Document Type: | Book |
|---|---|
| Language: | French |
| Published: |
Paris
: Hazan
, 2008
|
| Series: | Œuvres, écrits, entretiens
|
| Subjects: | |
| Online Access: | Inhaltsverzeichnis Inhaltsverzeichnis |
| Related Items: | Rezensiert in:
[Rezension von: Gérard Durozoi, Jacques Villeglé, Œuvres, écrits, entretiens] |
| Author Notes: | Gérard Durozoi |
| LEADER | 02985cam a2200709 c 4500 | ||
|---|---|---|---|
| 001 | 584673914 | ||
| 003 | DE-627 | ||
| 005 | 20260615231735.0 | ||
| 007 | tu | ||
| 008 | 081110s2008 fr ||||| 00| ||fre c | ||
| 010 | |a 2008485447 | ||
| 020 | |a 9782754103206 |9 978-2-7541-0320-6 | ||
| 024 | 3 | |a 9782754103206 | |
| 035 | |a (DE-627)584673914 | ||
| 035 | |a (DE-603)205637108 | ||
| 035 | |a (DE-576)287634744 | ||
| 035 | |a (DE-599)BSZ287634744 | ||
| 035 | |a (OCoLC)257559938 | ||
| 035 | |a (OCoLC)257559938 | ||
| 040 | |a DE-627 |b ger |c DE-627 |e rakwb | ||
| 041 | |a fre | ||
| 044 | |c XA-FR | ||
| 050 | 0 | |a N6853.V493 | |
| 082 | 0 | |a 700 |q OCLC | |
| 084 | |a 9,11 |2 ssgn | ||
| 084 | |a LI 99999 |2 rvk |0 (DE-625)rvk/97471: | ||
| 084 | |a 20.31 |2 bkl | ||
| 084 | |a 21.99 |2 bkl | ||
| 245 | 0 | 0 | |a Jacques Villeglé |c Gérard Durozoi |
| 264 | 1 | |a Paris |b Hazan |c 2008 | |
| 300 | |a 159 S. |b überw. Ill. | ||
| 336 | |a Text |b txt |2 rdacontent | ||
| 337 | |a ohne Hilfsmittel zu benutzen |b n |2 rdamedia | ||
| 338 | |a Band |b nc |2 rdacarrier | ||
| 490 | 0 | |a Œuvres, écrits, entretiens | |
| 500 | |a Literaturverzeichnis Seite 154 - 157 | ||
| 583 | 1 | |a Archivierung/Langzeitarchivierung gewährleistet |f SLG |z Frankreichforschung |2 pdager |5 DE-77 | |
| 591 | |a 5550 ddsu,sred | ||
| 600 | 1 | 0 | |a Villeglé |d 1926- |x Criticism and interpretation |
| 600 | 1 | 7 | |0 (DE-588)118920839 |0 (DE-627)079697852 |0 (DE-576)210397918 |a Villeglé, Jacques |d 1926-2022 |2 gnd |
| 655 | 7 | |a Bildband |0 (DE-588)4145395-5 |0 (DE-627)104450835 |0 (DE-576)209741139 |2 gnd-content | |
| 689 | 0 | 0 | |d p |0 (DE-588)118920839 |0 (DE-627)079697852 |0 (DE-576)210397918 |a Villeglé, Jacques |d 1926-2022 |2 gnd |
| 689 | 0 | 1 | |d s |0 (DE-588)4010384-5 |0 (DE-627)104668857 |0 (DE-576)208887644 |a Collage |2 gnd |
| 689 | 0 | 2 | |a z |2 gnd |a Geschichte 1949-2006 |
| 689 | 0 | |5 (DE-627) | |
| 700 | 1 | |a Villeglé, Jacques |d 1926-2022 |0 (DE-588)118920839 |0 (DE-627)079697852 |0 (DE-576)210397918 |4 oth | |
| 700 | 1 | |a Durozoi, Gérard |d 1942-2023 |0 (DE-588)123921651 |0 (DE-627)085525618 |0 (DE-576)160806852 |4 oth | |
| 787 | 0 | 8 | |i Rezensiert in |a Joyeux-Prunel, Béatrice, 1977 - |t [Rezension von: Gérard Durozoi, Jacques Villeglé, Œuvres, écrits, entretiens] |d 2016 |w (DE-627)1816963488 |
| 856 | 4 | 2 | |u https://swbplus.bsz-bw.de/bsz287634744inh.htm |m B:DE-576;DE-14 |q application/pdf |v 20081114142705 |x Verlag |3 Inhaltsverzeichnis |7 1 |
| 856 | 4 | 2 | |u http://scans.hebis.de/HEBCGI/show.pl?20563710_toc.pdf |m V:DE-576;B:DE-14 |q application/pdf |3 Inhaltsverzeichnis |7 1 |
| 935 | |a MZFRA | ||
| 935 | |i Blocktest | ||
| 936 | r | v | |a LI 99999 |b Sonstige |k Kunstgeschichte |k Künstler-Monografien |k Sonstige |0 (DE-627)1270635948 |0 (DE-625)rvk/97471: |0 (DE-576)200635948 |
| 936 | b | k | |a 20.31 |j Bildende Künstler |0 (DE-627)181571080 |
| 936 | b | k | |a 21.99 |j Sonstige Kunstformen |0 (DE-627)106405659 |
| 936 | s | n | |a l300 |2 mzub |
| 951 | |a BO | ||
| 990 | |a Villeglé, Jacques | ||
| 990 | |a Collage | ||
| 990 | |a Geschichte 1949-2006 | ||
| 991 | |a Rezensiertes Werk | ||
| 999 | |a KXP-PPN584673914 |e 4190290572 | ||


